000 00338 a2200157 4500
001 49142
040 _cAnchieta - Bela Vista
100 _aZiraldo
240 1 0 _aO planeta lilás
_lpor
245 1 0 _aO planeta lilás
300 _a30
362 0 _a2000
440 1 _aMelhoramentos
650 4 _aLiteratura infanto-juvenil
942 _cBK
999 _c49142
_d49142